01738nam a2200397Ia 4500001001200000003000800012006001900020007001500039008004100054010001700095020003500112020003400147040002100181035002100202050002600223082001400249245014800263260011300411300002400524490004700548490006400595504005100659533015200710650001900862650004500881650002900926655002900955700004900984700002601033700002201059710001701081830004801098830005301146856012601199999001501325ebr10005588CaPaEBRm u cr cn|||||||||000922s2001 ctu sb 001 0 eng d z 00049088  z0313317666 (v. 2 : alk. paper) z0313319170 (set : alk. paper) aCaPaEBRcCaPaEBR a(OCoLC)61471418214aHT395.D44bN48 2001eb04a338.922100aNew regions--concepts, issues, and practicesh[electronic resource] /cedited by David W. Edgington, Antonio L. Fernandez, and Claudia Hoshino. aWestport, CT :bGreenwood Press ;a[Nagoya, Japan] :bUnited Nations Centre for Regional Development,c2001. a[v]-xii, [4]-247 p.1 aNew Regional development paradigms ;vv. 21 aContributions in economics and economic history,x0084-9235 aIncludes bibliographical references and index. aElectronic reproduction.bPalo Alto, Calif. :cebrary,d2011.nAvailable via World Wide Web.nAccess may be limited to ebrary affiliated libraries. 0aGlobalization. 0aRegional planningzDeveloping countries. 0aSustainable development. 7aElectronic books.2local1 aEdgington, David W.q(David William),d1933-1 aFernandez, Antonio L.1 aHoshino, Claudia.2 aebrary, Inc. 0aNew Regional development paradigms ;vv. 2. 0aContributions in economics and economic history.40uhttp://site.ebrary.com/lib/rucke/Doc?id=10005588zAn electronic book accessible through the World Wide Web; click to view c3329d3329